[Event "HUN-chT2 Barcza 1617"]
[Site "Hungary"]
[Date "2016.11.13"]
[Round "4.5"]
[White "Kristofori, Attila"]
[Black "Karacsony, Zsolt"]
[Result "1-0"]
[WhiteElo "2082"]
[BlackElo "2051"]
[PlyCount "57"]
[EventDate "2016.09.25"]
[EventType "team-tourn"]
[EventRounds "11"]
[EventCountry "HUN"]
[SourceTitle "EXT 2021"]
[Source "ChessBase"]
[SourceDate "2020.10.23"]
[SourceVersion "1"]
[SourceVersionDate "2020.10.23"]
[SourceQuality "1"]
[WhiteTeam "Nyiregyhaza SISE"]
[BlackTeam "Sajobabony"]
[WhiteTeamCountry "HUN"]
[BlackTeamCountry "HUN"]

1. e4 c6 2. d4 d5 3. e5 Bf5 4. Be3 Qb6 5. Qc1 e6 6. Nf3 c5 7. Bd3 Bg4 8. dxc5 Bxc5 9. Bxc5 Qxc5 10. Nbd2 Nc6 11. c3 Nge7 12. 0-0 Ng6 13. Re1 Nf4 14. Bf1 Ng6 15. h3 Bxf3 16. Nxf3 0-0 17. Bd3 Rac8 18. h4 d4 19. Bxg6 hxg6 20. Qg5 dxc3 21. bxc3 Qxc3 22. Rab1 Nd4 23. Nxd4 Qxd4 24. Red1 Qa4 25. h5 gxh5 26. Qxh5 Qxa2 27. Rxb7 Rc2 28. Rd8 Qa3 29. Qxf7+ 1-0

[Event "Korbach op 8th"]
[Site "Korbach"]
[Date "2016.10.23"]
[Round "7"]
[White "Van der Meiden, Dirk"]
[Black "Kristofori, Attila"]
[Result "0-1"]
[WhiteElo "1961"]
[BlackElo "2098"]
[PlyCount "54"]
[EventDate "2016.10.20"]
[EventType "swiss"]
[EventRounds "7"]
[EventCountry "GER"]
[SourceTitle "CBM 175 Extra"]
[Source "ChessBase"]
[SourceDate "2016.12.12"]
[SourceVersion "1"]
[SourceVersionDate "2016.12.12"]
[SourceQuality "1"]

1. c4 Nf6 2. g3 e6 3. Bg2 d5 4. Nf3 Nbd7 5. b3 Bd6 6. 0-0 c6 7. Bb2 0-0 8. d3 b5 9. Qc2 bxc4 10. dxc4 Bb7 11. Nbd2 Rc8 12. Rad1 Qe7 13. e4 e5 14. exd5 cxd5 15. Rfe1 Rfe8 16. Nxe5 Bxe5 17. Nf3 Qd6 18. Nxe5 Nxe5 19. Qf5 Ned7 20. Rxe8+ Rxe8 21. cxd5 h6 22. h3 Qb4 23. Kh2 Qa5 24. a4 Qb6 25. b4 Qxb4 26. Bxf6 Nxf6 27. Rb1 Bc8 0-1

[Event "Korbach op 8th"]
[Site "Korbach"]
[Date "2016.10.21"]
[Round "2"]
[White "Kristofori, Attila"]
[Black "Kersten, Uwe"]
[Result "0-1"]
[WhiteElo "2098"]
[BlackElo "2286"]
[PlyCount "86"]
[EventDate "2016.10.20"]
[EventType "swiss"]
[EventRounds "7"]
[EventCountry "GER"]
[SourceTitle "CBM 175 Extra"]
[Source "ChessBase"]
[SourceDate "2016.12.12"]
[SourceVersion "1"]
[SourceVersionDate "2016.12.12"]
[SourceQuality "1"]

1. Nf3 c5 2. e4 d6 3. d4 cxd4 4. Nxd4 Nf6 5. Nc3 a6 6. g3 e5 7. Nb3 Be7 8. Bg2 0-0 9. 0-0 Nbd7 10. Re1 b5 11. a4 b4 12. Nd5 a5 13. c3 Nxd5 14. exd5 bxc3 15. bxc3 Ba6 16. Be3 Rc8 17. Qd2 Bc4 18. Reb1 h6 19. Bf1 Bg5 20. Bxc4 Rxc4 21. Qd3 Rc8 22. Bxg5 hxg5 23. Qa6 Nf6 24. Qxa5 Qd7 25. c4 Qh3 26. Qd2 Rxc4 27. Qe2 Rfc8 28. Qf1 Qd7 29. a5 Nxd5 30. a6 Ra4 31. Qd3 Nb4 32. Qd2 Nxa6 33. Rxa4 Qxa4 34. Qxd6 Rb8 35. Qd3 e4 36. Qd1 Qe8 37. Ra1 e3 38. fxe3 Qxe3+ 39. Kg2 Rxb3 40. Rxa6 Qe4+ 41. Kh3 Qh7+ 42. Kg4 Rb4+ 43. Kf3 Qe4+ 0-1

[Event "HUN-chT2 Barcza 1617"]
[Site "Hungary"]
[Date "2016.09.25"]
[Round "1.6"]
[White "Kristofori, Attila"]
[Black "Mate, Gyula"]
[Result "1/2-1/2"]
[WhiteElo "2082"]
[BlackElo "2074"]
[PlyCount "40"]
[EventDate "2016.09.25"]
[EventType "team-tourn"]
[EventRounds "11"]
[EventCountry "HUN"]
[SourceTitle "EXT 2021"]
[Source "ChessBase"]
[SourceDate "2020.10.23"]
[SourceVersion "1"]
[SourceVersionDate "2020.10.23"]
[SourceQuality "1"]
[WhiteTeam "Nyiregyhaza SISE"]
[BlackTeam "Bajnok Sakkiskola"]
[WhiteTeamCountry "HUN"]
[BlackTeamCountry "HUN"]

1. d4 Nf6 2. c4 e5 3. d5 Bc5 4. Nc3 h6 5. Qc2 d6 6. e3 c6 7. Bd3 cxd5 8. cxd5 a6 9. Nge2 b5 10. e4 Ng4 11. Nd1 Nd7 12. f3 Ngf6 13. Be3 Bxe3 14. Nxe3 Nc5 15. b4 Nxd3+ 16. Qxd3 Qb6 17. 0-0 0-0 18. Kh1 Bd7 19. Rfc1 Rac8 20. Qd2 Rfe8 1/2-1/2

[Event "Corund Ceramica op 2nd"]
[Site "Corund"]
[Date "2016.09.17"]
[Round "4"]
[White "Kristofori, Attila"]
[Black "Radnai, Adam"]
[Result "1/2-1/2"]
[WhiteElo "2082"]
[BlackElo "2322"]
[PlyCount "78"]
[EventDate "2016.09.14"]
[EventType "swiss"]
[EventRounds "7"]
[EventCountry "ROU"]
[SourceTitle "CBM 174 Extra"]
[Source "ChessBase"]
[SourceDate "2016.10.10"]
[SourceVersion "1"]
[SourceVersionDate "2016.10.10"]
[SourceQuality "1"]

1. Nf3 Nf6 2. c4 g6 3. d4 Bg7 4. g3 d6 5. Bg2 0-0 6. 0-0 Nc6 7. d5 Na5 8. Nbd2 c5 9. e4 a6 10. Rb1 b5 11. b3 Rb8 12. Qc2 e5 13. Ne1 Nd7 14. Bh3 Bh6 15. Ng2 Nf6 16. Bxc8 Qxc8 17. Nf3 Bxc1 18. Rfxc1 Qg4 19. Nd2 Qh3 20. Ne3 Ng4 21. Nxg4 Qxg4 22. Qc3 b4 23. Qf3 Qg5 24. Qe3 Qe7 25. Re1 f5 26. exf5 gxf5 27. f4 e4 28. g4 Qg7 29. Kh1 fxg4 30. Rg1 h5 31. Nxe4 Rbe8 32. Rbe1 Nb7 33. Qg3 Qg6 34. Ng5 Nd8 35. h3 Rxe1 36. Rxe1 gxh3 37. Kh2 Kh8 38. Ne4 Qh6 39. Qg5 Kh7 1/2-1/2

[Event "Mukachevo"]
[Site "Mukachevo"]
[Date "2013.05.05"]
[Round "9"]
[White "Okhotnik, Vladimir"]
[Black "Kristofori, Attila"]
[Result "1-0"]
[WhiteElo "2391"]
[BlackElo "2003"]
[PlyCount "83"]
[EventDate "2013.05.01"]
[EventType "tourn"]
[EventRounds "9"]
[EventCountry "UKR"]
[SourceTitle "CBM 154 Extra"]
[Source "ChessBase"]
[SourceDate "2013.06.25"]
[SourceVersion "2"]
[SourceVersionDate "2013.06.25"]
[SourceQuality "1"]

1. e4 e5 2. Nf3 Nc6 3. Bc4 Bc5 4. c3 Nf6 5. d4 exd4 6. e5 d5 7. Be2 d3 8. exf6 dxe2 9. Qxe2+ Be6 10. fxg7 Rg8 11. Bg5 Be7 12. Bh6 Bf6 13. Nbd2 Bxg7 14. Bxg7 Rxg7 15. g3 Qf6 16. Nb3 0-0-0 17. Nfd4 Nxd4 18. Nxd4 Bh3 19. f3 Qh6 20. Kf2 Bd7 21. Qe3 Qh5 22. Ne2 b6 23. Rad1 Bc6 24. Nf4 Qg5 25. Rhe1 h5 26. Qe5 Qh6 27. Nxd5 f6 28. Qxf6 Qxf6 29. Nxf6 Rf8 30. Nd5 h4 31. f4 hxg3+ 32. hxg3 Rh8 33. Re7 Rh2+ 34. Kg1 Rh1+ 35. Kxh1 Rxe7 36. Rd2 Re3 37. Kh2 Re1 38. g4 Bxd5 39. Rxd5 Re2+ 40. Kg3 Rxb2 41. f5 c6 42. Rd3 1-0

[Event "Mukachevo Zakarpattya Cup"]
[Site "Mukachevo"]
[Date "2012.08.28"]
[Round "6.2"]
[White "Kristofori, Attila"]
[Black "Efimenko, Zahar"]
[Result "0-1"]
[WhiteElo "2038"]
[BlackElo "2695"]
[PlyCount "74"]
[EventDate "2012.08.28"]
[EventType "tourn (rapid)"]
[EventRounds "13"]
[EventCountry "UKR"]
[SourceTitle "EXT 2013"]
[Source "ChessBase"]
[SourceDate "2012.11.22"]
[SourceVersion "1"]
[SourceVersionDate "2012.11.22"]
[SourceQuality "1"]

1. e4 e5 2. f4 exf4 3. Nf3 d5 4. exd5 Nf6 5. c4 c6 6. d4 cxd5 7. c5 Nc6 8. Bxf4 Be7 9. Bb5 0-0 10. Bxc6 bxc6 11. Nc3 Ne4 12. 0-0 f6 13. Qc2 Bf5 14. Nh4 Bd7 15. Nf3 g5 16. Be3 Re8 17. Kh1 Bf8 18. Bg1 Qc8 19. b4 Bf5 20. Qb3 Rb8 21. Nxe4 Bxe4 22. a3 Bg7 23. Nd2 Bg6 24. Rae1 f5 25. Nf3 h6 26. h4 Bf6 27. Ne5 Bxe5 28. dxe5 Rb7 29. hxg5 hxg5 30. Bd4 Qe6 31. Qg3 Rh7+ 32. Kg1 Rh5 33. Kf2 f4 34. Qb3 Be4 35. Rh1 Qg4 36. Rhg1 f3 37. Rxe4 Qxe4 0-1

[Event "Mukachevo Zakarpattya Cup"]
[Site "Mukachevo"]
[Date "2012.08.28"]
[Round "1.6"]
[White "Yushko, Olga"]
[Black "Kristofori, Attila"]
[Result "1/2-1/2"]
[WhiteElo "2141"]
[BlackElo "2038"]
[PlyCount "97"]
[EventDate "2012.08.28"]
[EventType "tourn (rapid)"]
[EventRounds "13"]
[EventCountry "UKR"]
[SourceTitle "EXT 2013"]
[Source "ChessBase"]
[SourceDate "2012.11.22"]
[SourceVersion "1"]
[SourceVersionDate "2012.11.22"]
[SourceQuality "1"]

1. d4 f5 2. g3 Nf6 3. Bg2 d6 4. Nh3 g6 5. 0-0 Bg7 6. Nd2 0-0 7. c3 Kh8 8. Qb3 c6 9. Nf3 Na6 10. Nhg5 Qe8 11. Ne6 Bxe6 12. Qxe6 Nc7 13. Qb3 Rb8 14. Nd2 e5 15. Nc4 Qe6 16. e3 e4 17. Nd2 d5 18. c4 Nd7 19. Qc2 dxc4 20. Nxc4 Nd5 21. b3 c5 22. Bb2 Nb4 23. Qd2 Nd3 24. Bc3 b5 25. d5 Qxd5 26. Bxg7+ Kxg7 27. Nb2 c4 28. Rfd1 Rfc8 29. Qa5 Qb7 30. Qc3+ Kh6 31. Nxd3 cxd3 32. Qd4 Nb6 33. Rxd3 Qg7 34. Qxg7+ Kxg7 35. Rd2 Rc5 36. Rad1 Rbc8 37. Bf1 b4 38. Rd4 a5 39. Rd6 R8c6 40. Kg2 a4 41. bxa4 Rxd6 42. Rxd6 Nxa4 43. Rd4 Nc3 44. Rxb4 Nxa2 45. Rb7+ Kh8 46. Rb2 Nc3 47. Rd2 Rc7 48. Kh3 Kg7 49. Kg2 1/2-1/2

[Event "Mukachevo 9th"]
[Site "Mukachevo"]
[Date "2011.07.06"]
[Round "2"]
[White "Terletsky, Oleg"]
[Black "Kristofori, Attila"]
[Result "1-0"]
[WhiteElo "2199"]
[BlackElo "2098"]
[PlyCount "55"]
[EventDate "2011.07.05"]
[EventType "swiss"]
[EventRounds "7"]
[EventCountry "UKR"]
[SourceTitle "EXT 2012"]
[Source "ChessBase"]
[SourceDate "2011.11.24"]
[SourceVersion "1"]
[SourceVersionDate "2011.11.24"]
[SourceQuality "1"]

1. e4 c6 2. d4 d5 3. Nc3 dxe4 4. Nxe4 Nf6 5. Nxf6+ gxf6 6. c3 h5 7. Bc4 Nd7 8. h4 Nb6 9. Be2 Qd5 10. Bf3 Qf5 11. Ne2 e5 12. dxe5 fxe5 13. Ng3 Qe6 14. Nxh5 Qg6 15. Bg5 Be7 16. Bxe7 Kxe7 17. Qe2 f6 18. Ng3 Be6 19. Be4 f5 20. Bc2 Kf6 21. 0-0-0 Nd5 22. Qf3 Nf4 23. Rd6 Raf8 24. Bxf5 Qh6 25. Bxe6 Ke7 26. Rd7+ Ke8 27. Bf5 Rh7 28. Rxh7 1-0

[Event "Mukachevo 9th"]
[Site "Mukachevo"]
[Date "2011.07.05"]
[Round "1"]
[White "Kristofori, Attila"]
[Black "Borsos, Bogdan"]
[Result "0-1"]
[WhiteElo "2098"]
[BlackElo "2253"]
[PlyCount "128"]
[EventDate "2011.07.05"]
[EventType "swiss"]
[EventRounds "7"]
[EventCountry "UKR"]
[SourceTitle "EXT 2012"]
[Source "ChessBase"]
[SourceDate "2011.11.24"]
[SourceVersion "1"]
[SourceVersionDate "2011.11.24"]
[SourceQuality "1"]

1. e4 e5 2. f4 d5 3. exd5 e4 4. d3 Nf6 5. dxe4 Nxe4 6. Nf3 Bc5 7. Qe2 Qe7 8. Be3 Bb6 9. Bxb6 axb6 10. Nbd2 Bf5 11. Nd4 Nd6 12. Qxe7+ Kxe7 13. Nxf5+ Nxf5 14. Kf2 Rd8 15. Bc4 Kf8 16. Nf3 Nd7 17. Rhe1 Nf6 18. h3 Nxd5 19. Re5 Nfe7 20. g3 Nb4 21. c3 Nd3+ 22. Bxd3 Rxd3 23. Ke2 Rad8 24. Rg1 Nc6 25. Re4 R3d5 26. Re1 Rb5 27. b3 Ra8 28. Kd1 Rd5+ 29. Kc1 Rd3 30. R1e3 Rxe3 31. Rxe3 Rxa2 32. Ne5 Nxe5 33. Rxe5 Rh2 34. h4 Rf2 35. Re3 h5 36. Kb1 f6 37. Kc1 Kf7 38. Kb1 b5 39. Kc1 Rg2 40. b4 b6 41. Kd1 c5 42. Ke1 Kg6 43. Kf1 Rb2 44. Re6 cxb4 45. cxb4 Kf5 46. Rxb6 Rxb4 47. Rb7 g6 48. Kg2 Rb2+ 49. Kh3 Rb1 50. Rb6 b4 51. Kg2 Rb2+ 52. Kf3 Rb3+ 53. Kf2 Kg4 54. Rxf6 Rf3+ 55. Ke2 Rxg3 56. Rxg6+ Kxf4 57. Rb6 Rb3 58. Rg6 Rh3 59. Rb6 Re3+ 60. Kf2 Rb3 61. Rg6 Rb2+ 62. Ke1 b3 63. Kd1 Rh2 64. Rb6 b2 0-1

[Event "UKR-chT final B 16th"]
[Site "Alushta"]
[Date "2009.05.26"]
[Round "1"]
[White "Kristofori, Attila"]
[Black "Tikhomirov, Alexey"]
[Result "0-1"]
[WhiteElo "2008"]
[BlackElo "2242"]
[PlyCount "82"]
[EventDate "2009.05.26"]
[EventType "team-k.o."]
[EventRounds "3"]
[EventCountry "UKR"]
[SourceTitle "EXT 2019"]
[Source "ChessBase"]
[SourceDate "2018.10.10"]
[SourceVersion "1"]
[SourceVersionDate "2018.10.10"]
[SourceQuality "1"]
[WhiteTeam "Mukachevo City"]
[BlackTeam "Cherkasy Etiud"]
[WhiteTeamCountry "UKR"]
[BlackTeamCountry "UKR"]

1. d4 Nf6 2. Nf3 d5 3. c4 e6 4. g3 Be7 5. Bg2 0-0 6. 0-0 c5 7. cxd5 exd5 8. Nc3 Nc6 9. h3 h6 10. Be3 cxd4 11. Nxd4 Na5 12. b3 a6 13. Qd3 Be6 14. Rfd1 Rc8 15. Kh2 b5 16. Rac1 Nb7 17. Nxe6 fxe6 18. Bd4 Nc5 19. Qe3 Qd7 20. f4 b4 21. Nb1 Nce4 22. Nd2 Nc3 23. Re1 Nxa2 24. Ra1 Rc2 25. Nf3 Rfc8 26. Ne5 Qe8 27. Qd3 a5 28. Nc4 R2xc4 29. bxc4 dxc4 30. Qe3 b3 31. Qxe6+ Kh8 32. Bd5 Bb4 33. Bxc4 Bxe1 34. Rxe1 Qxe6 35. Bxe6 Rb8 36. e4 a4 37. e5 Nh7 38. Bb2 Nb4 39. Bf5 Nc2 40. Bxc2 bxc2 41. e6 Rxb2 0-1

[Event "UKR-chT qual. group 2 16th"]
[Site "Alushta"]
[Date "2009.05.25"]
[Round "5"]
[White "Kristofori, Attila"]
[Black "Ledakov, Alexandr"]
[Result "1-0"]
[WhiteElo "2008"]
[BlackElo "2074"]
[PlyCount "143"]
[EventDate "2009.05.21"]
[EventType "team-tourn"]
[EventRounds "5"]
[EventCountry "UKR"]
[SourceTitle "EXT 2019"]
[Source "ChessBase"]
[SourceDate "2018.10.10"]
[SourceVersion "1"]
[SourceVersionDate "2018.10.10"]
[SourceQuality "1"]
[WhiteTeam "Mukachevo City"]
[BlackTeam "Simferopol Twinkle Chess"]
[WhiteTeamCountry "UKR"]
[BlackTeamCountry "UKR"]

1. d4 d5 2. Nf3 Nc6 3. Bf4 Bg4 4. Nbd2 e6 5. h3 Bh5 6. e3 Bd6 7. c3 Bxf4 8. exf4 Qd6 9. g4 Bg6 10. Ne5 Nge7 11. Qf3 f6 12. Nxc6 Nxc6 13. Bg2 0-0 14. 0-0 Rad8 15. Rfe1 e5 16. f5 Bf7 17. dxe5 fxe5 18. Qg3 Qf6 19. f4 Rfe8 20. c4 dxc4 21. Ne4 Qe7 22. g5 exf4 23. Qh4 Ne5 24. f6 Qe6 25. fxg7 Qb6+ 26. Kh1 Ng6 27. Qh6 Re6 28. Rad1 Rd4 29. Nf6+ Rxf6 30. gxf6 Qxf6 31. Kh2 c5 32. Bd5 Rxd5 33. Rxd5 Qxb2+ 34. Kg1 Qxg7 35. Qxg7+ Kxg7 36. Rxc5 Kf6 37. a4 Be6 38. Rh5 a6 39. a5 Bd7 40. Rxh7 Bc6 41. h4 Ne5 42. Rh6+ Kg7 43. Rxe5 Kxh6 44. Rc5 Bf3 45. Rxc4 Kh5 46. Rxf4 Bg4 47. Rb4 Kxh4 48. Rxb7 Kg3 49. Rb3+ Kf4 50. Rd3 Ke5 51. Kf2 Be6 52. Rd8 Bd5 53. Ke3 Bc4 54. Kd2 Bb5 55. Kc3 Ke6 56. Kb4 Ke7 57. Rd2 Ke6 58. Kc5 Ke5 59. Rb2 Bd3 60. Rb3 Bf1 61. Re3+ Kf4 62. Re6 Kf5 63. Kd6 Bc4 64. Re5+ Kf6 65. Re4 Bd3 66. Rf4+ Kg5 67. Rf8 Be2 68. Kc7 Kg6 69. Kb6 Kg7 70. Ra8 Kf7 71. Rxa6 Bxa6 72. Kxa6 1-0

[Event "UKR-chT qual. group 2 16th"]
[Site "Alushta"]
[Date "2009.05.21"]
[Round "1"]
[White "Kristofori, Attila"]
[Black "Kislinsky, Alexey"]
[Result "0-1"]
[WhiteElo "2008"]
[BlackElo "2455"]
[PlyCount "54"]
[EventDate "2009.05.21"]
[EventType "team-tourn"]
[EventRounds "5"]
[EventCountry "UKR"]
[SourceTitle "EXT 2019"]
[Source "ChessBase"]
[SourceDate "2018.10.10"]
[SourceVersion "1"]
[SourceVersionDate "2018.10.10"]
[SourceQuality "1"]
[WhiteTeam "Mukachevo City"]
[BlackTeam "Kharkov Law Academy"]
[WhiteTeamCountry "UKR"]
[BlackTeamCountry "UKR"]

1. d4 Nf6 2. c4 g6 3. Nf3 Bg7 4. Nc3 0-0 5. e4 d6 6. Bf4 Nc6 7. d5 e5 8. Bg5 Ne7 9. Qd2 Kh8 10. h4 Nh5 11. g3 f6 12. Bh6 Bxh6 13. Qxh6 Nf4 14. gxf4 Ng8 15. Qxf8 Qxf8 16. Bh3 Bxh3 17. Rxh3 Qc8 18. Rh2 Qg4 19. Ke2 Qxf4 20. Rg1 Qh6 21. h5 g5 22. Nd1 Qf8 23. h6 c6 24. Ne3 Ne7 25. c5 cxd5 26. Nxd5 Nxd5 27. exd5 dxc5 0-1

[Event "Mukachevo Spring"]
[Site "Mukachevo"]
[Date "2009.03.01"]
[Round "10"]
[White "Kristofori, Attila"]
[Black "Boricsev, Oleg"]
[Result "0-1"]
[WhiteElo "2012"]
[BlackElo "2287"]
[PlyCount "90"]
[EventDate "2009.02.23"]
[EventType "tourn"]
[EventRounds "11"]
[EventCountry "UKR"]
[SourceTitle "CBM 128 Extra"]
[Source "ChessBase"]
[SourceDate "2009.03.05"]
[SourceVersion "2"]
[SourceVersionDate "2009.03.25"]
[SourceQuality "1"]

1. d4 g6 2. e4 c6 3. Nc3 d5 4. Bf4 dxe4 5. Nxe4 Bf5 6. Ng3 Bg7 7. Nxf5 Qa5+ 8. Qd2 Qxf5 9. Bd3 Qd5 10. Nf3 Bxd4 11. Nxd4 Qxd4 12. 0-0-0 Nd7 13. Rhe1 Nc5 14. Be5 Nxd3+ 15. cxd3 Qc5+ 16. Kb1 f6 17. Bc7 Qf5 18. Qe3 Kf7 19. h3 Qd7 20. Ba5 e6 21. g4 Ne7 22. f4 b6 23. Bd2 Rad8 24. Bc1 Rhe8 25. h4 Nd5 26. Qh3 f5 27. h5 Rg8 28. hxg6+ hxg6 29. gxf5 exf5 30. Qh7+ Rg7 31. Qh4 c5 32. a3 b5 33. Re5 b4 34. Rde1 bxa3 35. bxa3 Kg8 36. Bb2 Rb8 37. Ka1 Qb5 38. Qf2 Nxf4 39. Rxc5 Qxb2+ 40. Qxb2 Rxb2 41. Rc8+ Kf7 42. Rc7+ Kf6 43. Rc6+ Kg5 44. Rg1+ Rg2 45. Re1 Rb2 0-1

[Event "Mukachevo Spring"]
[Site "Mukachevo"]
[Date "2009.02.26"]
[Round "6"]
[White "Kristofori, Attila"]
[Black "Polyakov, Maxim"]
[Result "0-1"]
[WhiteElo "2012"]
[BlackElo "2281"]
[PlyCount "75"]
[EventDate "2009.02.23"]
[EventType "tourn"]
[EventRounds "11"]
[EventCountry "UKR"]
[SourceTitle "CBM 128 Extra"]
[Source "ChessBase"]
[SourceDate "2009.03.05"]
[SourceVersion "2"]
[SourceVersionDate "2009.03.25"]
[SourceQuality "1"]

1. d4 d6 2. c4 e5 3. d5 f5 4. Nc3 Nf6 5. Bg5 h6 6. Bxf6 Qxf6 7. e4 f4 8. Be2 Na6 9. h3 Be7 10. Bh5+ g6 11. Bg4 0-0 12. Nf3 Nc5 13. b4 Na6 14. Qb3 Kg7 15. Na4 h5 16. Bxc8 Raxc8 17. b5 Nb8 18. h4 Qf7 19. Nb2 c6 20. a4 Nd7 21. Nd3 cxd5 22. cxd5 Nc5 23. Nxc5 Rxc5 24. Kd2 Rfc8 25. Rac1 Qf8 26. Rxc5 Rxc5 27. Rc1 Qc8 28. Rc3 Bd8 29. Qb4 Rxc3 30. Qxc3 Qg4 31. Ke2 Qxg2 32. Qc8 Bb6 33. Qxb7+ Kh6 34. Ng5 Qxf2+ 35. Kd3 Qd4+ 36. Kc2 Qxa4+ 37. Kd3 Qxb5+ 38. Kc2 0-1

[Event "Mukachevo Spring"]
[Site "Mukachevo"]
[Date "2009.02.24"]
[Round "3"]
[White "Kostromin, Mikhail"]
[Black "Kristofori, Attila"]
[Result "1-0"]
[WhiteElo "2378"]
[BlackElo "2012"]
[PlyCount "79"]
[EventDate "2009.02.23"]
[EventType "tourn"]
[EventRounds "11"]
[EventCountry "UKR"]
[SourceTitle "CBM 128 Extra"]
[Source "ChessBase"]
[SourceDate "2009.03.05"]
[SourceVersion "2"]
[SourceVersionDate "2009.03.25"]
[SourceQuality "1"]

1. e4 c5 2. Nf3 e6 3. d4 cxd4 4. Nxd4 a6 5. Nc3 Qc7 6. g3 Nf6 7. Bg2 Bb4 8. Bd2 0-0 9. 0-0 Be7 10. a4 Nc6 11. Nb3 b6 12. f4 d6 13. Qe2 Rb8 14. Be3 Na5 15. Nd2 Bb7 16. g4 Rfc8 17. g5 Nd7 18. f5 Nc4 19. fxe6 fxe6 20. Nxc4 Qxc4 21. Bh3 Nf8 22. Qh5 g6 23. Qf3 Rc7 24. Qf7+ Kh8 25. Bxb6 Rd7 26. Qf4 Bc6 27. Be3 Rxb2 28. Qf2 Rdb7 29. Rad1 e5 30. Rd3 Bxe4 31. Nxe4 Qxe4 32. Rc3 Rb8 33. Rc7 R2b7 34. Rxb7 Rxb7 35. Bg2 Qg4 36. h3 Qd7 37. Qf7 Rb8 38. Qf2 Qf5 39. Bd5 Qd7 40. Qf7 1-0

[Event "Eger Tavasz op"]
[Site "Eger"]
[Date "2008.05.04"]
[Round "7"]
[White "Kristofori, Attila"]
[Black "Stekkelpach, Peter"]
[Result "1-0"]
[WhiteElo "2039"]
[BlackElo "1790"]
[PlyCount "23"]
[EventDate "2008.05.01"]
[EventType "swiss"]
[EventRounds "7"]
[EventCountry "HUN"]
[SourceTitle "EXT 2011"]
[Source "ChessBase"]
[SourceDate "2010.11.26"]
[SourceVersion "1"]
[SourceVersionDate "2010.11.26"]
[SourceQuality "1"]

1. d4 d5 2. Nf3 Nc6 3. c4 Nf6 4. cxd5 Qxd5 5. Nc3 Qd8 6. d5 Nb8 7. e4 e6 8. Qa4+ Qd7 9. Bb5 c6 10. dxc6 bxc6 11. Ne5 cxb5 12. Nxb5 1-0

[Event "Eger Tavasz op"]
[Site "Eger"]
[Date "2008.05.04"]
[Round "6"]
[White "Zsipi, Alex Mark"]
[Black "Kristofori, Attila"]
[Result "1-0"]
[WhiteElo "1883"]
[BlackElo "2039"]
[PlyCount "41"]
[EventDate "2008.05.01"]
[EventType "swiss"]
[EventRounds "7"]
[EventCountry "HUN"]
[SourceTitle "EXT 2011"]
[Source "ChessBase"]
[SourceDate "2010.11.26"]
[SourceVersion "1"]
[SourceVersionDate "2010.11.26"]
[SourceQuality "1"]

1. e4 c5 2. Nf3 e6 3. d4 cxd4 4. Nxd4 a6 5. Nc3 Qc7 6. Be3 Nf6 7. Be2 Bb4 8. 0-0 Bxc3 9. bxc3 Nxe4 10. Bd3 Nf6 11. Re1 0-0 12. Bg5 Qd8 13. Re4 h6 14. Bh4 g5 15. Bxg5 hxg5 16. Re5 Ne8 17. Qh5 f5 18. Nxf5 exf5 19. Bxf5 Ng7 20. Bh7+ Kh8 21. Qh6 1-0

[Event "Eger Tavasz op"]
[Site "Eger"]
[Date "2008.05.02"]
[Round "2"]
[White "Bakos, Balazs"]
[Black "Kristofori, Attila"]
[Result "1/2-1/2"]
[WhiteElo "2385"]
[BlackElo "2039"]
[PlyCount "59"]
[EventDate "2008.05.01"]
[EventType "swiss"]
[EventRounds "7"]
[EventCountry "HUN"]
[SourceTitle "EXT 2011"]
[Source "ChessBase"]
[SourceDate "2010.11.26"]
[SourceVersion "1"]
[SourceVersionDate "2010.11.26"]
[SourceQuality "1"]

1. d4 d5 2. c4 c6 3. Nc3 Nf6 4. Nf3 dxc4 5. a4 Bf5 6. e3 e6 7. Bxc4 Bb4 8. 0-0 Nbd7 9. Qe2 0-0 10. e4 Bg6 11. Bd3 a6 12. e5 Nd5 13. Nxd5 cxd5 14. Ng5 Be7 15. Nf3 Rc8 16. Bd2 Bxd3 17. Qxd3 h6 18. a5 Nb8 19. Ne1 Nc6 20. Nc2 f6 21. exf6 Bxf6 22. Bc3 Qd6 23. Rae1 Bd8 24. Qd2 Bc7 25. g3 Rce8 26. f4 Qd8 27. b4 Bb8 28. Re2 Ba7 29. Ne1 Qf6 30. Nf3 1/2-1/2

[Event "Eger Tavasz op"]
[Site "Eger"]
[Date "2008.05.02"]
[Round "3"]
[White "Kristofori, Attila"]
[Black "Oros, Robert"]
[Result "1/2-1/2"]
[WhiteElo "2039"]
[BlackElo "2253"]
[PlyCount "40"]
[EventDate "2008.05.01"]
[EventType "swiss"]
[EventRounds "7"]
[EventCountry "HUN"]
[SourceTitle "EXT 2011"]
[Source "ChessBase"]
[SourceDate "2010.11.26"]
[SourceVersion "1"]
[SourceVersionDate "2010.11.26"]
[SourceQuality "1"]

1. e4 c6 2. d4 d5 3. Nd2 g6 4. e5 Bg7 5. Ngf3 Bg4 6. h3 Bxf3 7. Nxf3 e6 8. c3 Nd7 9. Bd3 f6 10. exf6 Ngxf6 11. Bg5 Qc7 12. Qe2 0-0 13. 0-0 Rae8 14. Ne5 Nxe5 15. dxe5 Ne4 16. Bxe4 Qxe5 17. Bh4 Rf4 18. Bg3 Qxe4 19. Rae1 Qxe2 20. Rxe2 Rf5 1/2-1/2

[Event "HUN-chT2 Barcza 0708"]
[Site "Hungary"]
[Date "2008.03.16"]
[Round "8"]
[White "Petro, Janos"]
[Black "Kristofori, Attila"]
[Result "1-0"]
[WhiteElo "2068"]
[BlackElo "2144"]
[PlyCount "55"]
[EventDate "2007.10.14"]
[EventType "team"]
[EventRounds "11"]
[EventCountry "HUN"]
[SourceTitle "EXT 2009"]
[Source "ChessBase"]
[SourceDate "2008.11.26"]
[SourceVersion "1"]
[SourceVersionDate "2008.11.26"]
[SourceQuality "1"]
[WhiteTeam "Edeleny"]
[BlackTeam "Munkacs"]
[WhiteTeamCountry "HUN"]
[BlackTeamCountry "HUN"]

1. e4 c5 2. Nc3 e6 3. f4 d6 4. Nf3 Nc6 5. Bc4 a6 6. a4 Nge7 7. 0-0 g6 8. f5 Ne5 9. Nxe5 dxe5 10. d3 exf5 11. Bg5 Qd6 12. exf5 gxf5 13. Qf3 Nc6 14. Ne4 Qd4+ 15. Be3 Qd8 16. Qh5 Qc7 17. Nf6+ Kd8 18. Nd5 Qd6 19. Qxf7 Be7 20. Nxe7 Nxe7 21. Bg5 h6 22. Bf6 Re8 23. Rae1 Bd7 24. Rxe5 b5 25. Bd5 Ra7 26. Rfe1 Bc8 27. Bf3 Rd7 28. Rd5 1-0